Electron impact induced fragmentation of some quinazolinediones and benzoxazinones

Elmentve itt :
Bibliográfiai részletek
Szerzők: Himottu Marja
Stájer Géza
Bernáth Gábor
Pihlaja Kalevi
Testületi szerző: International Meeting on Structural Organic Chemistry and Its Applications to Environmental Research and the Chemistry of Peat and Humic Substances (1990) (Turku)
Dokumentumtípus: Cikk
Megjelent: 1990
Sorozat:Kolligátum
Kulcsszavak:Tömegspektrometria - szerves vegyületek, Heterociklusos vegyületek - szintézis, Szerves kémia - reakciómechanizmus, Sztereokémia
Online Access:http://misc.bibl.u-szeged.hu/28027
LEADER 00988nab a2200217 i 4500
001 misc28027
005 20191111110244.0
008 170929s1990 hu o 0|| zxx d
040 |a SZTE Miscellanea Repozitórium  |b hun 
041 |a zxx 
100 1 |a Himottu Marja 
245 1 0 |a Electron impact induced fragmentation of some quinazolinediones and benzoxazinones  |h [elektronikus dokumentum] /  |c  Himottu Marja 
260 |c 1990 
300 |a 215-216, [1] 
490 0 |a Kolligátum 
695 |a Tömegspektrometria - szerves vegyületek, Heterociklusos vegyületek - szintézis, Szerves kémia - reakciómechanizmus, Sztereokémia 
700 0 1 |a Stájer Géza  |e aut 
700 0 1 |a Bernáth Gábor  |e aut 
700 0 1 |a Pihlaja Kalevi  |e aut 
710 |a International Meeting on Structural Organic Chemistry and Its Applications to Environmental Research and the Chemistry of Peat and Humic Substances (1990) (Turku) 
856 4 0 |u http://misc.bibl.u-szeged.hu/28027/1/018_019_584-586.pdf  |z Dokumentum-elérés